Drapeaux des oblasts russes - Statistiques

Statistiques générales
  • Ce quiz a été pris 19 fois
  • Le résultat moyen est 6 sur 53
Statistiques - réponses
Par images Réponse % Correct
Sakhaline
73%
Moscou
45%
Bouriatie
36%
Mourmansk
36%
Oblast autonome juif
36%
Volgograd
36%
Amour
27%
Kaliningrad
27%
Kostroma
18%
Omsk
18%
Toula
18%
Tver
18%
Vladimir
18%
Arkhangelsk
9%
Briansk
9%
Iaroslavl
9%
Irkoutsk
9%
Kherson
9%
Kirov
9%
Léningrad
9%
Lipetsk
9%
Nijni Novgorod
9%
Orel
9%
Riazan
9%
Rostov
9%
Samara
9%
Tomsk
9%
Voronej
9%
Zaporijia
9%
Astrakhan
0%
Belgorod
0%
Iamalo-Nénétsie
0%
Ivanovo
0%
Kalouga
0%
Kamerovo
0%
Khantys-Mansis
0%
Kourgan
0%
Koursk
0%
Magadan
0%
Nénétsie
0%
Novgorod
0%
Novossibirsk
0%
Orenbourg
0%
Oulianovsk
0%
Penza
0%
Pskov
0%
Saratov
0%
Smolensk
0%
Sverdlovsk
0%
Tambov
0%
Tcheliabinsk
0%
Tioumen
0%
Vologda
0%
Aucun quiz correspondant
Distribution des résultats
% des personnes avec chaque résultat
Percentile par nombre de réponses
Votre historique - résultats
Vous n’avez pas pris ce quiz